[Event "WCO2014"]
[Site "Tromso"]
[Date "2014.08.09"]
[Round "7.32"]
[WhiteID "4667719"]
[White "Baramidze David"]
[BlackID "1501984"]
[Black "Lie Kjetil A."]
[Result "1/2-1/2"]
[LiveChessVersion "1.4.3"]
[BlackElo "2528"]
[WhiteElo "2612"]

1. d4 {[%clk 1:30:56]} d5 {[%clk 1:30:51]} 2. c4 {[%clk 1:31:16]} dxc4
{[%clk 1:31:11]} 3. e3 {[%clk 1:31:15]} e5 {[%clk 1:31:18]} 4. Bxc4
{[%clk 1:30:20]} exd4 {[%clk 1:31:30]} 5. exd4 {[%clk 1:30:41]} Nf6
{[%clk 1:31:34]} 6. Nc3 {[%clk 1:29:16]} Be7 {[%clk 1:31:13]} 7. Nf3
{[%clk 1:29:13]} O-O {[%clk 1:31:25]} 8. Ne5 {[%clk 1:24:59]} Nbd7
{[%clk 1:21:10]} 9. O-O {[%clk 1:22:34]} Nb6 {[%clk 1:15:33]} 10. Bb3
{[%clk 1:22:49]} c6 {[%clk 1:15:26]} 11. Bg5 {[%clk 1:22:16]} Nbd5
{[%clk 1:13:54]} 12. Nxd5 {[%clk 1:16:43]} cxd5 {[%clk 1:03:47]} 13. Re1
{[%clk 1:15:27]} Be6 {[%clk 0:51:53]} 14. Rc1 {[%clk 0:56:37]} Ne4
{[%clk 0:43:35]} 15. Bxe7 {[%clk 0:52:38]} Qxe7 {[%clk 0:44:00]} 16. f3
{[%clk 0:52:10]} Nf6 {[%clk 0:40:14]} 17. Qd2 {[%clk 0:48:28]} Rfc8
{[%clk 0:34:51]} 18. Nd3 {[%clk 0:46:17]} Rxc1 {[%clk 0:30:22]} 19. Qxc1
{[%clk 0:41:41]} Qd8 {[%clk 0:24:43]} 20. Nc5 {[%clk 0:29:46]} Qd6
{[%clk 0:19:22]} 21. Qe3 {[%clk 0:23:38]} b6 {[%clk 0:19:07]} 22. Nd3
{[%clk 0:21:31]} Re8 {[%clk 0:17:23]} 23. Qf4 {[%clk 0:21:34]} Qxf4
{[%clk 0:14:51]} 24. Nxf4 {[%clk 0:21:58]} Kf8 {[%clk 0:14:12]} 25. h4
{[%clk 0:22:14]} h6 {[%clk 0:11:29]} 26. g4 {[%clk 0:22:06]} Bd7 {[%clk 0:06:16]}
27. Rxe8+ {[%clk 0:09:04]} Kxe8 {[%clk 0:06:35]} 28. Kf2 {[%clk 0:09:06]} Bc6
{[%clk 0:04:38]} 29. Ng2 {[%clk 0:05:54]} Kd7 {[%clk 0:03:17]} 30. Ne3
{[%clk 0:06:11]} g6 {[%clk 0:02:26]} 31. Kg3 {[%clk 0:05:27]} Kd6
{[%clk 0:02:29]} 32. Bc2 {[%clk 0:05:38]} Bd7 {[%clk 0:02:04]} 33. Bd3
{[%clk 0:04:58]} Ng8 {[%clk 0:02:04]} 34. g5 {[%clk 0:03:29]} hxg5
{[%clk 0:02:19]} 35. hxg5 {[%clk 0:03:53]} Ne7 {[%clk 0:02:37]} 36. Kf4
{[%clk 0:02:38]} Nc6 {[%clk 0:02:15]} 37. Nc2 {[%clk 0:03:02]} Ne7
{[%clk 0:02:11]} 38. Ne3 {[%clk 0:03:09]} Nc6 {[%clk 0:02:29]} 39. Nc2
{[%clk 0:03:28]} Ne7 {[%clk 0:02:48]} 40. Bf1 {[%clk 0:03:23]} Bf5
{[%clk 0:01:20]} 41. Na3 {[%clk 0:02:55]} Nc6 {[%clk 0:27:15]} 42. Nb5+
{[%clk 0:33:56]} Kd7 {[%clk 0:26:37]} 43. a3 {[%clk 0:33:27]} a6 {[%clk 0:23:18]}
44. Nc3 {[%clk 0:33:50]} Nxd4 {[%clk 0:19:00]} 45. Nxd5 {[%clk 0:34:10]} b5
{[%clk 0:18:25]} 46. Nb4 {[%clk 0:28:33]} Ne6+ {[%clk 0:16:54]} 47. Ke3
{[%clk 0:28:56]} Nxg5 {[%clk 0:15:53]} 48. Nxa6 {[%clk 0:29:17]} Kc6
{[%clk 0:16:04]} 49. Nb4+ {[%clk 0:28:44]} Kc5 {[%clk 0:16:11]} 50. Na2
{[%clk 0:28:28]} Ne6 {[%clk 0:15:37]} 51. b4+ {[%clk 0:27:51]} Kc6
{[%clk 0:15:07]} 52. Nc3 {[%clk 0:26:29]} Nc7 {[%clk 0:15:33]} 53. Kd4
{[%clk 0:23:07]} f6 {[%clk 0:14:58]} 54. a4 {[%clk 0:23:20]} Ne6+
{[%clk 0:13:50]} 55. Ke3 {[%clk 0:23:40]} bxa4 {[%clk 0:14:16]} 56. Nxa4
{[%clk 0:23:22]} Nc7 {[%clk 0:13:41]} 57. Kd4 {[%clk 0:21:58]} Nb5+
{[%clk 0:05:11]} 58. Bxb5+ {[%clk 0:21:54]} Kxb5 {[%clk 0:05:39]} 59. Nc3+
{[%clk 0:22:15]} Kxb4 {[%clk 0:05:17]} 60. Nd5+ {[%clk 0:22:34]} Kb5
{[%clk 0:05:18]} 61. Nxf6 {[%clk 0:22:45]} g5 {[%clk 0:05:12]} 62. Ke5
{[%clk 0:22:02]} Bh3 {[%clk 0:05:05]} 63. Ne4 {[%clk 0:22:22]} Bg2
{[%clk 0:05:27]} 64. Nxg5 {[%clk 0:22:47]} Bxf3 {[%clk 0:05:52]} 65. Nxf3 1/2-1/2

[Event "WCO2014"]
[Site "Tromso"]
[Date "2014.08.09"]
[Round "7.2"]
[WhiteID "8603820"]
[White "Yu Yangyi"]
[BlackID "921637"]
[Black "Markus Robert"]
[Result "1-0"]
[LiveChessVersion "1.4.3"]
[BlackElo "2602"]
[WhiteElo "2668"]

1. e4 {[%clk 1:30:54]} d6 {[%clk 1:30:55]} 2. d4 {[%clk 1:31:11]} Nf6
{[%clk 1:31:18]} 3. Nc3 {[%clk 1:31:32]} e5 {[%clk 1:31:42]} 4. Nf3
{[%clk 1:31:28]} Nbd7 {[%clk 1:32:01]} 5. Bc4 {[%clk 1:31:51]} Be7
{[%clk 1:32:05]} 6. O-O {[%clk 1:31:59]} O-O {[%clk 1:32:27]} 7. a4
{[%clk 1:31:13]} c6 {[%clk 1:31:13]} 8. Re1 {[%clk 1:28:52]} a5 {[%clk 1:31:30]}
9. h3 {[%clk 1:27:06]} Nb6 {[%clk 1:29:46]} 10. Bf1 {[%clk 1:18:56]} exd4
{[%clk 1:22:53]} 11. Nxd4 {[%clk 1:17:35]} d5 {[%clk 1:23:04]} 12. e5
{[%clk 1:16:37]} Ne4 {[%clk 1:20:32]} 13. Nxe4 {[%clk 1:15:06]} dxe4
{[%clk 1:19:30]} 14. Bf4 {[%clk 1:10:43]} Qd5 {[%clk 1:15:11]} 15. c3
{[%clk 1:09:35]} f5 {[%clk 1:07:57]} 16. exf6 {[%clk 1:06:56]} Bxf6
{[%clk 1:08:18]} 17. Bc7 {[%clk 1:06:20]} Nc4 {[%clk 0:53:36]} 18. Bxc4
{[%clk 1:03:53]} Qxc4 {[%clk 0:51:23]} 19. Rxe4 {[%clk 1:04:07]} Qf7
{[%clk 0:36:59]} 20. Bg3 {[%clk 1:01:28]} Bd7 {[%clk 0:36:49]} 21. Qb3
{[%clk 0:54:09]} Qxb3 {[%clk 0:29:44]} 22. Nxb3 {[%clk 0:54:32]} b6
{[%clk 0:29:08]} 23. Nd2 {[%clk 0:51:30]} Bf5 {[%clk 0:27:48]} 24. Ree1
{[%clk 0:50:03]} b5 {[%clk 0:20:10]} 25. Be5 {[%clk 0:45:00]} Bg5
{[%clk 0:11:26]} 26. Nf3 {[%clk 0:43:26]} Bh6 {[%clk 0:11:46]} 27. Nd4
{[%clk 0:42:52]} Bd7 {[%clk 0:11:39]} 28. Nb3 {[%clk 0:41:13]} Rfe8
{[%clk 0:06:16]} 29. axb5 {[%clk 0:29:39]} cxb5 {[%clk 0:06:41]} 30. Nxa5
{[%clk 0:29:57]} Ra6 {[%clk 0:04:20]} 31. b4 {[%clk 0:25:52]} Rae6
{[%clk 0:02:19]} 32. Red1 {[%clk 0:23:51]} Rxe5 {[%clk 0:02:43]} 33. Rxd7
{[%clk 0:24:16]} Re1+ {[%clk 0:03:06]} 34. Rxe1 {[%clk 0:24:43]} Rxe1+
{[%clk 0:03:32]} 35. Kh2 {[%clk 0:25:08]} Rc1 {[%clk 0:03:29]} 36. Rd8+
{[%clk 0:22:29]} Kf7 {[%clk 0:03:53]} 37. Rd3 {[%clk 0:22:54]} Bf4+
{[%clk 0:02:58]} 38. g3 {[%clk 0:23:21]} Be5 {[%clk 0:03:22]} 39. Rd5
{[%clk 0:23:20]} Bxc3 {[%clk 0:02:36]} 40. Rxb5 {[%clk 0:21:12]} Rc2
{[%clk 0:01:24]} 41. Kg2 {[%clk 0:19:47]} Rb2 {[%clk 0:16:53]} 42. Nc6
{[%clk 0:46:37]} Kf6 {[%clk 0:17:18]} 43. Rb8 {[%clk 0:33:52]} Kg5
{[%clk 0:17:24]} 44. h4+ {[%clk 0:31:21]} Kh6 {[%clk 0:17:43]} 45. Rb6
{[%clk 0:27:38]} g6 {[%clk 0:17:31]} 46. Rb7 {[%clk 0:26:19]} Be1
{[%clk 0:12:27]} 47. Rf7 {[%clk 0:24:23]} Bxb4 {[%clk 0:12:39]} 48. Ne5
{[%clk 0:24:48]} 1-0

[Event "WCO2014"]
[Site "Tromso"]
[Date "2014.08.09"]
[Round "7.3"]
[WhiteID "922900"]
[White "Sedlak Nikola"]
[BlackID "8601160"]
[Black "Ni Hua"]
[Result "1/2-1/2"]
[LiveChessVersion "1.4.3"]
[BlackElo "2666"]
[WhiteElo "2554"]

1. d4 {[%clk 1:30:56]} Nf6 {[%clk 1:30:50]} 2. Bg5 {[%clk 1:29:56]} e6
{[%clk 1:30:18]} 3. e4 {[%clk 1:29:47]} h6 {[%clk 1:30:32]} 4. Bxf6
{[%clk 1:30:08]} Qxf6 {[%clk 1:30:59]} 5. c3 {[%clk 1:28:14]} d5 {[%clk 1:30:50]}
6. Nd2 {[%clk 1:26:14]} c5 {[%clk 1:29:48]} 7. Ngf3 {[%clk 1:23:50]} a6
{[%clk 1:08:32]} 8. dxc5 {[%clk 1:13:42]} Bxc5 {[%clk 1:08:40]} 9. exd5
{[%clk 1:04:28]} exd5 {[%clk 1:09:04]} 10. Nb3 {[%clk 1:04:56]} Ba7
{[%clk 1:08:11]} 11. Qxd5 {[%clk 1:05:05]} O-O {[%clk 1:08:33]} 12. O-O-O
{[%clk 1:05:25]} Nc6 {[%clk 1:03:06]} 13. Bd3 {[%clk 1:00:17]} Re8
{[%clk 0:57:10]} 14. Rhe1 {[%clk 0:37:04]} Be6 {[%clk 0:52:09]} 15. Qe4
{[%clk 0:33:01]} g6 {[%clk 0:50:52]} 16. Nfd4 {[%clk 0:27:48]} Nxd4
{[%clk 0:43:18]} 17. Nxd4 {[%clk 0:28:05]} Bxa2 {[%clk 0:43:27]} 18. Qxe8+
{[%clk 0:26:40]} Rxe8 {[%clk 0:43:51]} 19. Rxe8+ {[%clk 0:27:04]} Kg7
{[%clk 0:44:17]} 20. Nf3 {[%clk 0:17:58]} Bxf2 {[%clk 0:41:00]} 21. Be4
{[%clk 0:15:56]} Qf4+ {[%clk 0:37:46]} 22. Kc2 {[%clk 0:15:24]} Be6
{[%clk 0:36:37]} 23. Rxe6 {[%clk 0:10:22]} fxe6 {[%clk 0:37:01]} 24. Rd7+
{[%clk 0:10:49]} Kf6 {[%clk 0:34:42]} 25. Nd2 {[%clk 0:10:53]} Be3
{[%clk 0:28:36]} 26. Rd3 {[%clk 0:10:10]} b5 {[%clk 0:25:14]} 27. h3
{[%clk 0:09:57]} g5 {[%clk 0:22:37]} 28. Bb7 {[%clk 0:09:54]} Qf2
{[%clk 0:14:03]} 29. Bxa6 {[%clk 0:07:25]} e5 {[%clk 0:12:29]} 30. Bb7
{[%clk 0:06:08]} Ke7 {[%clk 0:12:07]} 31. b4 {[%clk 0:03:48]} Qe1
{[%clk 0:10:45]} 32. Bc6 {[%clk 0:03:09]} e4 {[%clk 0:09:32]} 33. Rd7+
{[%clk 0:03:33]} Ke6 {[%clk 0:06:40]} 34. Nxe4 {[%clk 0:03:19]} Qc1+
{[%clk 0:05:40]} 35. Kd3 {[%clk 0:03:44]} Bf4 {[%clk 0:05:58]} 36. Nc5+
{[%clk 0:03:36]} Kf6 {[%clk 0:06:16]} 37. Ne4+ {[%clk 0:03:05]} Kg6
{[%clk 0:06:28]} 38. Ke2 {[%clk 0:01:59]} Qe3+ {[%clk 0:04:56]} 39. Kf1
{[%clk 0:02:11]} Qc1+ {[%clk 0:02:38]} 40. Ke2 {[%clk 0:02:30]} Qe3+
{[%clk 0:02:01]} 41. Kf1 {[%clk 0:02:51]} Bh2 {[%clk 0:24:30]} 42. Nf2
{[%clk 0:32:13]} Bg3 {[%clk 0:19:51]} 43. Be4+ {[%clk 0:29:23]} Kh5
{[%clk 0:20:11]} 44. Bf3+ {[%clk 0:28:45]} g4 {[%clk 0:16:12]} 45. hxg4+
{[%clk 0:26:45]} Kh4 {[%clk 0:14:20]} 46. Nd3 {[%clk 0:27:02]} Bb8
{[%clk 0:10:47]} 47. Rd5 {[%clk 0:22:17]} Kg3 {[%clk 0:09:39]} 48. Be2
{[%clk 0:19:42]} Ba7 {[%clk 0:07:55]} 49. Ke1 {[%clk 0:19:59]} Qe4
{[%clk 0:05:43]} 50. Re5 {[%clk 0:16:59]} Qxg2 {[%clk 0:03:46]} 51. g5
{[%clk 0:15:02]} Qc6 {[%clk 0:02:54]} 52. Kd2 {[%clk 0:14:58]} Bb8
{[%clk 0:01:33]} 53. Rc5 {[%clk 0:14:41]} Qa6 {[%clk 0:01:24]} 54. gxh6
{[%clk 0:13:47]} Qxh6+ {[%clk 0:01:50]} 55. Kd1 {[%clk 0:13:45]} Qh1+
{[%clk 0:01:40]} 56. Kc2 {[%clk 0:13:24]} Qe4 {[%clk 0:01:39]} 57. Rg5+
{[%clk 0:13:27]} Kh2 {[%clk 0:02:03]} 58. Rh5+ {[%clk 0:13:43]} Kg3
{[%clk 0:02:27]} 59. Rg5+ {[%clk 0:13:46]} 1/2-1/2

[Event "WCO2014"]
[Site "Tromso"]
[Date "2014.08.09"]
[Round "7.5"]
[WhiteID "2900084"]
[White "Topalov Veselin"]
[BlackID "24116068"]
[Black "Giri Anish"]
[Result "1/2-1/2"]
[LiveChessVersion "1.4.3"]
[BlackElo "2745"]
[WhiteElo "2772"]

1. Nf3 {[%clk 1:30:57]} d5 {[%clk 1:30:55]} 2. d4 {[%clk 1:30:54]} Nf6
{[%clk 1:31:18]} 3. c4 {[%clk 1:31:08]} e6 {[%clk 1:31:43]} 4. e3
{[%clk 1:31:34]} Be7 {[%clk 1:29:56]} 5. b3 {[%clk 1:29:35]} O-O {[%clk 1:29:50]}
6. Bb2 {[%clk 1:26:39]} c5 {[%clk 1:29:59]} 7. Nbd2 {[%clk 1:23:53]} cxd4
{[%clk 1:25:30]} 8. Nxd4 {[%clk 1:21:50]} Nc6 {[%clk 1:18:04]} 9. Nxc6
{[%clk 1:21:28]} bxc6 {[%clk 1:18:09]} 10. Bd3 {[%clk 1:21:46]} a5
{[%clk 1:17:16]} 11. O-O {[%clk 1:20:56]} a4 {[%clk 1:06:32]} 12. Qc2
{[%clk 1:21:09]} h6 {[%clk 0:47:43]} 13. bxa4 {[%clk 1:19:19]} Qa5
{[%clk 0:46:43]} 14. cxd5 {[%clk 1:15:38]} Nxd5 {[%clk 0:42:20]} 15. Rfc1
{[%clk 1:05:37]} Qxa4 {[%clk 0:39:06]} 16. Qxa4 {[%clk 0:58:54]} Rxa4
{[%clk 0:39:34]} 17. Bc4 {[%clk 0:59:07]} Bd7 {[%clk 0:36:31]} 18. Bb3
{[%clk 0:57:59]} Raa8 {[%clk 0:36:18]} 19. Ne4 {[%clk 0:57:37]} Ra5
{[%clk 0:32:14]} 20. Bd4 {[%clk 0:55:01]} Rfa8 {[%clk 0:31:38]} 21. Bc5
{[%clk 0:54:32]} Kf8 {[%clk 0:32:01]} 22. Rc4 {[%clk 0:52:52]} Nf6
{[%clk 0:25:01]} 23. Nxf6 {[%clk 0:47:07]} gxf6 {[%clk 0:25:23]} 24. Bxe7+
{[%clk 0:47:01]} Kxe7 {[%clk 0:25:48]} 25. Rac1 {[%clk 0:47:21]} e5
{[%clk 0:22:08]} 26. Rb4 {[%clk 0:43:14]} Rb5 {[%clk 0:19:58]} 27. Rh4
{[%clk 0:41:29]} Be6 {[%clk 0:16:52]} 28. Bxe6 {[%clk 0:39:58]} fxe6
{[%clk 0:17:03]} 29. a4 {[%clk 0:36:33]} Rba5 {[%clk 0:17:19]} 30. Rxh6
{[%clk 0:29:08]} Rxa4 {[%clk 0:17:40]} 31. Rh7+ {[%clk 0:25:44]} Kd6
{[%clk 0:16:29]} 32. Rd1+ {[%clk 0:26:06]} Kc5 {[%clk 0:16:59]} 33. h4
{[%clk 0:26:10]} Ra1 {[%clk 0:15:44]} 34. Rxa1 {[%clk 0:26:34]} Rxa1+
{[%clk 0:16:13]} 35. Kh2 {[%clk 0:26:57]} Kd6 {[%clk 0:14:48]} 36. Rh8
{[%clk 0:22:04]} f5 {[%clk 0:05:36]} 37. h5 {[%clk 0:20:00]} e4 {[%clk 0:04:14]}
38. h6 {[%clk 0:19:13]} Ke5 {[%clk 0:04:40]} 39. h7 {[%clk 0:17:20]} Ra7
{[%clk 0:05:04]} 40. Kh3 {[%clk 0:17:43]} Rf7 {[%clk 0:00:40]} 41. Kh4
{[%clk 0:14:37]} Kf6 {[%clk 0:01:00]} 42. Kh5 {[%clk 0:14:34]} Kg7
{[%clk 0:01:21]} 43. Re8 {[%clk 0:13:39]} Kxh7 {[%clk 0:01:26]} 44. Rxe6
{[%clk 0:14:05]} Rc7 {[%clk 0:26:48]} 45. g4 {[%clk 0:37:12]} fxg4
{[%clk 0:23:25]} 46. Kxg4 {[%clk 0:36:55]} c5 {[%clk 0:19:02]} 47. Rxe4
{[%clk 0:36:50]} c4 {[%clk 0:19:32]} 48. Kg5 {[%clk 0:32:33]} c3 {[%clk 0:18:57]}
49. Rh4+ {[%clk 0:32:46]} Kg7 {[%clk 0:19:11]} 50. Rh1 {[%clk 0:33:11]} Rf7
{[%clk 0:19:09]} 51. Rc1 {[%clk 0:30:58]} Rxf2 {[%clk 0:19:32]} 1/2-1/2

[Event "WCO2014"]
[Site "Tromso"]
[Date "2014.08.09"]
[Round "7.6"]
[WhiteID "1007998"]
[White "L'Ami Erwin"]
[BlackID "2905540"]
[Black "Cheparinov Ivan"]
[Result "1/2-1/2"]
[LiveChessVersion "1.4.3"]
[BlackElo "2681"]
[WhiteElo "2631"]

1. d4 {[%clk 1:30:56]} Nf6 {[%clk 1:30:56]} 2. c4 {[%clk 1:31:17]} g6
{[%clk 1:31:24]} 3. Nc3 {[%clk 1:31:36]} d5 {[%clk 1:31:51]} 4. Nf3
{[%clk 1:31:26]} Bg7 {[%clk 1:32:17]} 5. Bf4 {[%clk 1:31:42]} O-O
{[%clk 1:32:33]} 6. Rc1 {[%clk 1:32:00]} dxc4 {[%clk 1:32:55]} 7. e3
{[%clk 1:32:00]} Nbd7 {[%clk 1:32:47]} 8. Bxc4 {[%clk 1:30:19]} Nh5
{[%clk 1:33:06]} 9. Bg5 {[%clk 1:24:29]} h6 {[%clk 1:32:48]} 10. Bh4
{[%clk 1:21:14]} g5 {[%clk 1:33:05]} 11. Nd2 {[%clk 1:15:00]} e5 {[%clk 1:32:51]}
12. Qxh5 {[%clk 1:06:15]} exd4 {[%clk 1:33:02]} 13. exd4 {[%clk 0:59:29]} gxh4
{[%clk 1:32:51]} 14. O-O {[%clk 0:55:45]} Nb6 {[%clk 1:30:52]} 15. Bb3
{[%clk 0:54:18]} Qxd4 {[%clk 1:14:29]} 16. Nde4 {[%clk 0:47:14]} h3
{[%clk 1:10:41]} 17. Rcd1 {[%clk 0:40:11]} Qe5 {[%clk 1:07:14]} 18. Qxe5
{[%clk 0:35:34]} Bxe5 {[%clk 1:07:40]} 19. f4 {[%clk 0:35:53]} Bxc3
{[%clk 1:05:49]} 20. bxc3 {[%clk 0:34:27]} Bf5 {[%clk 1:05:32]} 21. Ng3
{[%clk 0:32:53]} hxg2 {[%clk 0:57:59]} 22. Kxg2 {[%clk 0:32:33]} Be6
{[%clk 0:56:51]} 23. f5 {[%clk 0:24:04]} Bxb3 {[%clk 0:56:46]} 24. axb3
{[%clk 0:24:28]} Rfe8 {[%clk 0:51:26]} 25. Kf3 {[%clk 0:23:17]} Re5
{[%clk 0:46:27]} 26. Kf4 {[%clk 0:20:08]} Rae8 {[%clk 0:45:47]} 27. c4
{[%clk 0:20:21]} f6 {[%clk 0:32:13]} 28. Rd4 {[%clk 0:17:28]} Kf7
{[%clk 0:30:47]} 29. Rfd1 {[%clk 0:15:59]} a5 {[%clk 0:26:15]} 30. Ne4
{[%clk 0:14:29]} Nc8 {[%clk 0:25:03]} 31. Rd7+ {[%clk 0:13:08]} R8e7
{[%clk 0:23:30]} 32. Nc3 {[%clk 0:09:44]} Nd6 {[%clk 0:18:14]} 33. Rxe7+
{[%clk 0:09:55]} Kxe7 {[%clk 0:18:42]} 34. Nd5+ {[%clk 0:07:23]} Kd8
{[%clk 0:13:01]} 35. Ne3 {[%clk 0:06:49]} b5 {[%clk 0:12:21]} 36. cxb5
{[%clk 0:04:24]} Rxb5 {[%clk 0:12:32]} 37. Rd3 {[%clk 0:04:34]} h5
{[%clk 0:10:38]} 38. Kg3 {[%clk 0:01:33]} Kc8 {[%clk 0:09:22]} 39. Nd5
{[%clk 0:01:47]} Nxf5+ {[%clk 0:09:29]} 40. Kh3 {[%clk 0:02:06]} Kb7
{[%clk 0:07:39]} 41. Nxf6 {[%clk 0:01:30]} Rb4 {[%clk 0:06:07]} 42. Kg2
{[%clk 0:01:18]} h4 {[%clk 0:05:19]} 43. Kh3 {[%clk 0:27:26]} c6 {[%clk 0:30:34]}
44. Nd7 {[%clk 0:24:29]} Nd4 {[%clk 0:29:26]} 45. Nc5+ {[%clk 0:21:36]} Kb6
{[%clk 0:29:44]} 46. Na4+ {[%clk 0:21:24]} Kb5 {[%clk 0:26:12]} 47. Nc3+
{[%clk 0:20:17]} Ka6 {[%clk 0:26:04]} 48. Na2 {[%clk 0:19:00]} Rxb3
{[%clk 0:20:38]} 49. Rxb3 {[%clk 0:19:18]} Nxb3 {[%clk 0:21:05]} 50. Kxh4
{[%clk 0:19:41]} Kb6 {[%clk 0:19:14]} 51. Kg4 {[%clk 0:18:45]} Kc7
{[%clk 0:19:25]} 52. h4 {[%clk 0:18:17]} Kd6 {[%clk 0:19:40]} 53. Kf5
{[%clk 0:18:00]} Ke7 {[%clk 0:19:47]} 54. Ke5 {[%clk 0:16:30]} Nc5
{[%clk 0:20:12]} 55. Nc3 {[%clk 0:15:49]} Nd7+ {[%clk 0:20:32]} 56. Kd4
{[%clk 0:15:25]} Kf6 {[%clk 0:20:49]} 57. Ne4+ {[%clk 0:14:36]} Kf5
{[%clk 0:21:03]} 58. Nd6+ {[%clk 0:14:41]} Kg4 {[%clk 0:21:32]} 59. Nc4
{[%clk 0:14:56]} a4 {[%clk 0:21:57]} 60. Kc3 {[%clk 0:15:20]} c5 {[%clk 0:22:22]}
61. Kb2 {[%clk 0:15:31]} Kxh4 {[%clk 0:22:49]} 1/2-1/2

[Event "WCO2014"]
[Site "Tromso"]
[Date "2014.08.09"]
[Round "7.7"]
[WhiteID "2906074"]
[White "Iotov Valentin"]
[BlackID "1008013"]
[Black "Tiviakov Sergei"]
[Result "1-0"]
[LiveChessVersion "1.4.3"]
[BlackElo "2664"]
[WhiteElo "2553"]

1. Nf3 {[%clk 1:30:53]} Nf6 {[%clk 1:31:20]} 2. c4 {[%clk 1:31:18]} b6
{[%clk 1:31:44]} 3. Nc3 {[%clk 1:31:41]} Bb7 {[%clk 1:32:08]} 4. d4
{[%clk 1:32:00]} e6 {[%clk 1:32:33]} 5. a3 {[%clk 1:32:21]} d5 {[%clk 1:32:15]}
6. cxd5 {[%clk 1:32:38]} Nxd5 {[%clk 1:32:40]} 7. e3 {[%clk 1:31:40]} Be7
{[%clk 1:32:51]} 8. Bb5+ {[%clk 1:31:09]} c6 {[%clk 1:33:14]} 9. Bd3
{[%clk 1:31:35]} Nxc3 {[%clk 1:31:45]} 10. bxc3 {[%clk 1:32:02]} c5
{[%clk 1:32:04]} 11. O-O {[%clk 1:29:50]} O-O {[%clk 1:29:45]} 12. Qc2
{[%clk 1:29:36]} g6 {[%clk 1:28:21]} 13. Qe2 {[%clk 1:26:04]} Nc6
{[%clk 1:24:51]} 14. Bb2 {[%clk 1:25:55]} Bf6 {[%clk 1:24:25]} 15. Rad1
{[%clk 1:25:29]} Qe7 {[%clk 1:15:18]} 16. e4 {[%clk 1:23:34]} Rfd8
{[%clk 1:12:35]} 17. e5 {[%clk 1:23:34]} Bg7 {[%clk 1:13:02]} 18. h4
{[%clk 1:21:48]} Rac8 {[%clk 1:05:42]} 19. h5 {[%clk 1:16:51]} Na5
{[%clk 0:54:09]} 20. hxg6 {[%clk 1:16:04]} hxg6 {[%clk 0:54:22]} 21. Be4
{[%clk 1:15:09]} Bxe4 {[%clk 0:36:06]} 22. Qxe4 {[%clk 1:15:36]} Nb3
{[%clk 0:36:27]} 23. Rfe1 {[%clk 1:04:48]} cxd4 {[%clk 0:26:05]} 24. cxd4
{[%clk 1:05:08]} a5 {[%clk 0:26:29]} 25. Re2 {[%clk 0:47:27]} a4 {[%clk 0:24:41]}
26. Qf4 {[%clk 0:41:54]} b5 {[%clk 0:23:03]} 27. Rd3 {[%clk 0:29:24]} Rc4
{[%clk 0:18:21]} 28. Kh2 {[%clk 0:24:44]} Rdc8 {[%clk 0:14:53]} 29. Qg3
{[%clk 0:22:36]} Rc2 {[%clk 0:10:19]} 30. Rxc2 {[%clk 0:23:04]} Rxc2
{[%clk 0:10:44]} 31. Bc3 {[%clk 0:23:30]} Qxa3 {[%clk 0:07:19]} 32. Ng5
{[%clk 0:19:46]} Qe7 {[%clk 0:04:39]} 33. Rf3 {[%clk 0:19:50]} f5
{[%clk 0:03:33]} 34. exf6 {[%clk 0:19:19]} Bxf6 {[%clk 0:04:01]} 35. Bb4
{[%clk 0:19:30]} Qc7 {[%clk 0:01:53]} 36. Qxc7 {[%clk 0:15:13]} Rxc7
{[%clk 0:02:22]} 37. Rxf6 {[%clk 0:15:36]} Nxd4 {[%clk 0:02:32]} 38. Bd6
{[%clk 0:15:32]} Kg7 {[%clk 0:01:53]} 39. Rf4 {[%clk 0:14:57]} 1-0

[Event "WCO2014"]
[Site "Tromso"]
[Date "2014.08.09"]
[Round "7.8"]
[WhiteID "1000268"]
[White "Van Wely Loek"]
[BlackID "2905434"]
[Black "Rusev Krasimir"]
[Result "0-1"]
[LiveChessVersion "1.4.3"]
[BlackElo "2548"]
[WhiteElo "2662"]

1. d4 {[%clk 1:30:56]} d5 {[%clk 1:30:46]} 2. c4 {[%clk 1:31:10]} c6
{[%clk 1:31:02]} 3. Nc3 {[%clk 1:29:31]} Nf6 {[%clk 1:31:29]} 4. e3
{[%clk 1:29:53]} a6 {[%clk 1:31:51]} 5. Nf3 {[%clk 1:29:15]} Bf5 {[%clk 1:32:18]}
6. Qb3 {[%clk 1:25:20]} Ra7 {[%clk 1:32:41]} 7. a4 {[%clk 1:22:59]} e6
{[%clk 1:22:07]} 8. Nh4 {[%clk 1:20:34]} Be4 {[%clk 1:18:53]} 9. Be2
{[%clk 1:12:31]} h6 {[%clk 0:35:47]} 10. a5 {[%clk 1:01:20]} Nbd7
{[%clk 0:32:44]} 11. Nxe4 {[%clk 0:59:32]} dxe4 {[%clk 0:27:51]} 12. g3
{[%clk 0:59:19]} Be7 {[%clk 0:27:43]} 13. Bd2 {[%clk 0:59:04]} Qc7
{[%clk 0:27:37]} 14. Bc3 {[%clk 0:58:31]} Ra8 {[%clk 0:27:01]} 15. Qc2
{[%clk 0:50:48]} O-O {[%clk 0:22:37]} 16. b4 {[%clk 0:47:01]} Rfe8
{[%clk 0:22:57]} 17. O-O {[%clk 0:45:26]} Bf8 {[%clk 0:23:17]} 18. f4
{[%clk 0:27:20]} exf3 {[%clk 0:22:36]} 19. Bxf3 {[%clk 0:20:32]} g5
{[%clk 0:15:41]} 20. Ng2 {[%clk 0:20:16]} Bg7 {[%clk 0:15:37]} 21. Be2
{[%clk 0:19:29]} e5 {[%clk 0:15:13]} 22. Bd3 {[%clk 0:16:45]} Rad8
{[%clk 0:08:11]} 23. Qf2 {[%clk 0:12:37]} c5 {[%clk 0:07:32]} 24. Rad1
{[%clk 0:10:18]} cxb4 {[%clk 0:04:40]} 25. Bxb4 {[%clk 0:08:21]} Nb8
{[%clk 0:04:53]} 26. d5 {[%clk 0:07:09]} e4 {[%clk 0:05:02]} 27. Be2
{[%clk 0:06:41]} Nbd7 {[%clk 0:05:10]} 28. d6 {[%clk 0:04:01]} Qc6
{[%clk 0:05:28]} 29. Ne1 {[%clk 0:03:08]} Ne5 {[%clk 0:03:25]} 30. c5
{[%clk 0:02:30]} Rd7 {[%clk 0:03:07]} 31. Nc2 {[%clk 0:02:20]} Qa4
{[%clk 0:03:16]} 32. Ra1 {[%clk 0:01:03]} Qxc2 {[%clk 0:03:33]} 33. Rac1
{[%clk 0:01:01]} Qb3 {[%clk 0:02:44]} 34. Bc3 {[%clk 0:00:57]} Qe6
{[%clk 0:02:54]} 35. Bd4 {[%clk 0:01:06]} Nfg4 {[%clk 0:02:11]} 36. Qg2
{[%clk 0:00:37]} Nd3 {[%clk 0:01:32]} 37. Qh3 {[%clk 0:00:41]} Nge5
{[%clk 0:01:33]} 38. Qxe6 {[%clk 0:00:59]} Rxe6 {[%clk 0:01:46]} 39. Rb1
{[%clk 0:01:18]} g4 {[%clk 0:00:37]} 40. Kg2 {[%clk 0:01:30]} Nf3
{[%clk 0:00:32]} 41. Rxb7 {[%clk 0:01:47]} Rxb7 {[%clk 0:00:48]} 42. c6
{[%clk 0:02:11]} Bxd4 {[%clk 0:29:26]} 0-1